00703cam a22002173a 450000100060000000300060000600500170001200800410002904000150007004200070008505000060009210000370009824501230013526000290025850600300028751600200031765300340033770000430037183000290041485600420044311100PGUSA20140828083232.0040201s2004||||xxu|||||s|||||000 | eng d aPGUSAbeng adc 4aB1 aFalckenberg, Richard,d1851-192010aHistory of Modern Philosophy :bFrom Nicolas of Cusa to the Present Timeh[electronic resource] /cRichard Falckenberg bProject Gutenberg,c2004 aPublic domain in the USA. aElectronic text aPhilosophy, Modern -- History1 aArmstrong, Andrew Campbell,d1860-1935 0aProject Gutenbergv1110040uhttp://www.gutenberg.org/ebooks/11100